Předměty dlouhodobé spotřeby - faktory ovlivňující vybavovací a obnovovací proces

Salvato in:
Dettagli Bibliografici
Autore principale: Štěpová, Vlasta
Natura: Libro
Lingua:ceco
Pubblicazione: Praha Výzkumný ústav obchodu 1983
Serie:Knižnice VÚO 171
Tags: Aggiungi Tag
Nessun Tag, puoi essere il primo ad aggiungerne!!

MARC

LEADER 00000nam a2200000 4500
001 c116441
005 20251110134305.8
041 0 |a cze 
044 |a CZ 
245 1 0 |a Předměty dlouhodobé spotřeby - faktory ovlivňující vybavovací a obnovovací proces  |c Vlasta Štěpová 
264 1 |a Praha  |b Výzkumný ústav obchodu  |c 1983 
300 |a 43 s. 
490 1 |a Knižnice VÚO  |v 171 
830 0 |a Knižnice VÚO  |v 171 
100 1 |a Štěpová, Vlasta